[Event "Sant Adria 6th"]
[Site "Sant Adria de Besos"]
[Date "2010.05.02"]
[Round "4"]
[White "Lopez Fernandez, Moises"]
[Black "Sanchez Criado, Lluis"]
[Result "0-1"]
[WhiteElo "1931"]
[BlackElo "2168"]
[PlyCount "84"]
[EventDate "2010.04.11"]
[EventType "swiss"]
[EventRounds "8"]
[EventCountry "ESP"]
[SourceTitle "EXT 2024"]
[Source "ChessBase"]
[SourceDate "2023.10.10"]
[SourceVersion "1"]
[SourceVersionDate "2023.10.10"]
[SourceQuality "1"]

1. e4 c6 2. d4 d5 3. exd5 cxd5 4. c4 Nf6 5. Nf3 Nc6 6. Nc3 Bg4 7. cxd5 Nxd5 8. Qb3 Bxf3 9. gxf3 Nb6 10. Be3 e6 11. 0-0-0 Qd6 12. Kb1 Qb4 13. d5 Qxb3 14. axb3 Nxd5 15. Nxd5 exd5 16. Rxd5 Rd8 17. Bc4 Be7 18. Re1 0-0 19. Bxa7 Bb4 20. Re4 Nxa7 21. Rxd8 Rxd8 22. Bxf7+ Kxf7 23. Rxb4 Rd7 24. Kc2 Nc6 25. Rf4+ Ke6 26. b4 Rd4 27. Re4+ Rxe4 28. fxe4 Nxb4+ 29. Kc3 Nc6 30. f4 g5 31. fxg5 b5 32. Kd3 Ke5 33. Ke3 Nd4 34. h4 Ne6 35. b4 Nf4 36. Kf3 Ne6 37. Ke3 Ng7 38. Kf3 Ne8 39. h5 Nd6 40. g6 hxg6 41. h6 Nf7 42. h7 Ng5+ 0-1

[Event "Ideal Clave op"]
[Site "Barcelona"]
[Date "1997.10.04"]
[Round "2"]
[White "Lopez Fernandez, Moises"]
[Black "Fernandez Pintado, Xavier"]
[Result "0-1"]
[WhiteElo "1700"]
[BlackElo "2005"]
[PlyCount "141"]
[EventDate "1997.09.??"]
[EventType "swiss"]
[EventRounds "9"]
[EventCountry "ESP"]
[SourceTitle "EXT 2003"]
[Source "ChessBase"]
[SourceDate "2002.11.25"]
[SourceVersion "1"]
[SourceVersionDate "2002.11.25"]
[SourceQuality "1"]

1. e4 c5 2. Qe2 Nc6 3. Nf3 d6 4. g3 Qc7 5. Bg2 Bg4 6. c3 g6 7. 0-0 Bg7 8. d3 Qc8 9. Be3 Nf6 10. Nbd2 h5 11. Qe1 Bh3 12. Nh4 Bxg2 13. Kxg2 Ng4 14. f3 Nxe3+ 15. Qxe3 Bh6 16. f4 Qd8 17. Qe2 e6 18. Qf2 Qe7 19. Nc4 b5 20. Ne3 Rg8 21. Kh1 a5 22. a4 b4 23. Rab1 Bg7 24. Nd1 Rb8 25. Qf3 Rb6 26. Ng2 bxc3 27. Nxc3 Nd4 28. Qd1 Qb7 29. Rf2 Rb4 30. Ne3 Nf5 31. Nxf5 gxf5 32. Nb5 Kd7 33. Qxh5 Ke7 34. Re2 Rh8 35. Qf3 Rxa4 36. Nxd6 Kxd6 37. e5+ Kc7 38. Qxb7+ Kxb7 39. Rc1 Kb6 40. Rec2 Bf8 41. Rc3 Be7 42. Kg2 Rb4 43. R1c2 a4 44. h4 Kc6 45. Rd2 Kd5 46. Kf3 f6 47. exf6 Bxf6 48. Rcc2 Rhb8 49. g4 fxg4+ 50. Kxg4 Rg8+ 51. Kf3 Bxh4 52. Rh2 Be7 53. Rh5+ Kc6 54. Rh6 Kd7 55. Re2 Rb6 56. Re4 Ra6 57. d4 cxd4 58. Rxd4+ Bd6 59. Rc4 Rg7 60. Rh5 Rf7 61. Rb5 Ra7 62. Rd4 Kc6 63. Rh5 e5 64. Rc4+ Kd7 65. f5 a3 66. bxa3 Rxa3+ 67. Ke4 Rg7 68. Rh4 Be7 69. Kxe5 Bxh4 70. Rxh4 Ra7 71. Rd4+ 0-1